| 000 | 00652nam a2200181 4500 | ||
|---|---|---|---|
| 999 |
_c3781 _d3781 |
||
| 008 | 160809b xxu||||| |||| 00| 0 eng d | ||
| 022 | _a00014826 | ||
| 082 | _aDPer 657.05 Ac27 Sept 2015 V. 90 no. 5 | ||
| 100 |
_912591 _aOhlson, James A. |
||
| 243 | _aThe accounting review | ||
| 245 |
_aRisk versus Anomaly: _bA New Methodology Applied to Accruals/ _cJames A. Ohlson, and Pawel Bilinski. |
||
| 260 |
_aSarasota, Florida: _bAmerican Accounting Association, _c©2015. |
||
| 300 |
_aV90 n5, pages 2057-2077; _c26 cm. |
||
| 500 | _aThe Accounting Review | ||
| 650 | 0 |
_912592 _aRisk |
|
| 700 |
_912593 _aBilinski, Pawel _eAuthor |
||
| 942 |
_2ddc _cPER |
||